000 00877cam a22002411a 4500
001 ca 26000364
003 DLC
005 20260227111117.0
008 840822s1924 ksu 000 0 eng
010 _aca 26000364
035 _a(OCoLC)11078276
040 _aDLC
_cKPT
_dDLC
042 _apremarc
050 0 0 _aBS2583 1924
130 0 _aBible.
_pMark.
_lEnglish.
_sVedder.
_f1924.
245 1 4 _aThe Gospel of Mark /
_cTranslated and edited according to modern literary forms, by Henry C. Vedder.
260 _aGirard, Kan. :
_bHaldeman-Julius Co.,
_cc1924.
300 _a64 p. ;
_c13 cm.
440 0 _aLittle blue book ;
_vno. 625
500 _aPage 64 contains advertising matter.
500 _aPublished 11 December 1924; copies deposited at Library of Congress 24 December 1924; copyright renewed 19 June 1952.
700 1 _aVedder, Henry C.
_q(Henry Clay),
_d1853-1935.
999 _c16201
_d16201